[Event "DVM U16 2024"]
[Site "Sebnitz GER"]
[Date "2024.12.28"]
[Round "3"]
[White "Melestean, Timur"]
[Black "Sydykov, Bayastan"]
[Result "1/2-1/2"]
[Termination "normal"]
[Board "7.1"]
[BlackTitle "FM"]
[WhiteElo "2157"]
[BlackElo "2221"]
[WhiteTeam "SK König Plauen"]
[BlackTeam "SK 1858 Gießen"]
[PlyCount "100"]
[WhiteFideId "16280385"]
[BlackFideId "13829610"]
[EventCountry "GER"]
[EventRounds "7"]
[EventType "team-swiss"]
[EventDate "2024.12.26"]

1. d4 Nf6 2. c4 e6 3. Nc3 d5 4. cxd5 exd5 5. Bg5 c6 6. e3 h6 7. Bh4 Be7 8. Bd3
O-O 9. Qc2 Re8 10. Nge2 Nbd7 11. O-O Nh5 12. Bxe7 Qxe7 13. Rab1 Nb6 14. Na4 Nf6
15. Nc5 h5 16. b4 a6 17. a4 Qd6 18. h3 Nbd7 19. Bf5 b6 20. Nxd7 Bxd7 21. Bxd7
Nxd7 22. Nf4 g6 23. a5 b5 24. Nd3 Re6 25. Rfc1 h4 26. Nc5 Nxc5 27. Qxc5 Qxc5
28. Rxc5 Rd8 29. Rbc1 Rdd6 30. R1c3 Kf8 31. f4 Ke7 32. Kf2 Kd7 33. Kf3 Re8 34.
Kg4 Rh8 35. Rc1 Re6 36. R5c3 Rh5 37. Rg1 Rh6 38. Kg5 Rh8 39. Kg4 Re4 40. Rgc1
Re6 41. Rg1 Kc7 42. Rgc1 Rh5 43. Rg1 Kd7 44. Kf3 Rf6 45. Kg4 Rh8 46. Kg5 Rf5+
47. Kg4 Rfh5 48. Rgc1 Rc8 49. Rg1 Re8 50. Rgc1 Re6 1/2-1/2

[Event "DVM U16 2024"]
[Site "Sebnitz GER"]
[Date "2024.12.28"]
[Round "3"]
[White "Sasikumar Anitha, Sarvesh"]
[Black "Melestean, Maxim"]
[Result "1-0"]
[Termination "normal"]
[Board "7.2"]
[WhiteElo "1850"]
[BlackElo "1962"]
[WhiteTeam "SK 1858 Gießen"]
[BlackTeam "SK König Plauen"]
[PlyCount "89"]
[WhiteFideId "34609245"]
[BlackFideId "16280393"]
[EventCountry "GER"]
[EventRounds "7"]
[EventType "team-swiss"]
[EventDate "2024.12.26"]

1. e4 e5 2. Nf3 Nc6 3. Bb5 a6 4. Ba4 Nf6 5. O-O b5 6. Bb3 Bc5 7. d3 d6 8. h3
Na5 9. Nbd2 O-O 10. Re1 Bb6 11. Nf1 Nxb3 12. axb3 h6 13. Ng3 c5 14. Nh4 d5 15.
exd5 Qxd5 16. Qf3 Re8 17. Ne4 Nxe4 18. dxe4 Qe6 19. Be3 Bb7 20. Nf5 Rad8 21.
Rad1 Kh7 22. Qg4 Qf6 23. b4 g6 24. Nxh6 Rxd1 25. Rxd1 cxb4 26. Rd7 Re7 27. Bxb6
Rxd7 28. Qxd7 Qxb6 29. Nxf7 Bc6 30. Qe6 Qb7 31. Ng5+ Kh6 32. Nf7+ Kh7 33. Qf6
Qa8 34. Qxe5 a5 35. Ng5+ Kh6 36. Ne6 Qb7 37. h4 Bxe4 38. Nc5 Qc8 39. Nxe4 a4
40. Nd6 Qf8 41. Nxb5 Kh7 42. h5 gxh5 43. Qxh5+ Kg7 44. Nd4 a3 45. Ne6+ 1-0

[Event "DVM U16 2024"]
[Site "Sebnitz GER"]
[Date "2024.12.28"]
[Round "3"]
[White "Akladius, Kyrillus"]
[Black "Himmelspacht, Maxim"]
[Result "1/2-1/2"]
[Termination "normal"]
[Board "7.3"]
[WhiteElo "1659"]
[BlackElo "1808"]
[WhiteTeam "SK König Plauen"]
[BlackTeam "SK 1858 Gießen"]
[PlyCount "87"]
[WhiteFideId "16267036"]
[BlackFideId "16287932"]
[EventCountry "GER"]
[EventRounds "7"]
[EventType "team-swiss"]
[EventDate "2024.12.26"]

1. e4 e6 2. d4 d5 3. Nc3 Nf6 4. Bg5 dxe4 5. Nxe4 Be7 6. Nxf6+ Bxf6 7. Bxf6 Qxf6
8. Nf3 O-O 9. Bd3 Bd7 10. c3 Bc6 11. Qc2 h6 12. Be4 Rd8 13. Ne5 Bd5 14. Bxd5
Rxd5 15. O-O Nd7 16. f4 Qe7 17. Rae1 c5 18. f5 Nxe5 19. dxe5 exf5 20. Rxf5 g6
21. Rf6 Kg7 22. Ref1 Rf8 23. e6 Rf5 24. R6xf5 gxf5 25. Qxf5 fxe6 26. Qe5+ Kg8
27. Rxf8+ Kxf8 28. Qh8+ Kf7 29. Qxh6 Ke8 30. Qf4 b6 31. Kf2 e5 32. Qh6 Qf7+ 33.
Ke3 Qxa2 34. Qh8+ Kf7 35. Qxe5 Qxb2 36. g4 Qc1+ 37. Ke4 Qc2+ 38. Kd5 Qg2+ 39.
Kd6 Qxg4 40. Qe7+ Kg6 41. Qxa7 Qf4+ 42. Kd5 Qd2+ 43. Kc4 Qe2+ 44. Kd5 1/2-1/2

[Event "DVM U16 2024"]
[Site "Sebnitz GER"]
[Date "2024.12.28"]
[Round "3"]
[White "Reis, Sophie"]
[Black "Rühmer, Nico"]
[Result "0-1"]
[Termination "normal"]
[Board "7.4"]
[WhiteElo "1515"]
[BlackElo "1626"]
[WhiteTeam "SK 1858 Gießen"]
[BlackTeam "SK König Plauen"]
[PlyCount "92"]
[WhiteFideId "34652485"]
[BlackFideId "34640339"]
[EventCountry "GER"]
[EventRounds "7"]
[EventType "team-swiss"]
[EventDate "2024.12.26"]

1. e4 c5 2. Nf3 Nc6 3. d4 cxd4 4. Nxd4 Nf6 5. Nc3 d6 6. Bg5 e6 7. Bb5 Bd7 8.
O-O a6 9. Bxc6 bxc6 10. Qd3 h6 11. Bh4 Be7 12. h3 O-O 13. Nf3 g5 14. Bg3 e5 15.
Nd2 Be6 16. Nc4 Qc7 17. Ne3 Rfd8 18. Rfd1 Bf8 19. Qe2 Rd7 20. b3 a5 21. a4 Rad8
22. Rd2 d5 23. exd5 cxd5 24. Nb5 Qb8 25. Rad1 Ne4 26. Rd3 Nxg3 27. fxg3 e4 28.
R3d2 Qxg3 29. Nf1 Bc5+ 30. Kh1 Qf4 31. c3 e3 32. Rb2 Re7 33. Nd4 Bd7 34. Rd3
Rde8 35. Nf3 Bf5 36. Rd1 g4 37. hxg4 Bxg4 38. N1h2 Rd7 39. Rf1 Bh5 40. Rbb1 Qe4
41. Qb5 Rc7 42. Qxa5 Rcc8 43. Nd4 e2 44. Rfe1 Bd6 45. Rb2 Bxh2 46. Kxh2 Qh4+
0-1

[Event "DVM U16 2024"]
[Site "Sebnitz GER"]
[Date "2024.12.28"]
[Round "3"]
[White "Kellner, Anton"]
[Black "Polzin, Gustav"]
[Result "1-0"]
[Termination "normal"]
[Board "8.1"]
[WhiteElo "1788"]
[BlackElo "2018"]
[WhiteTeam "Hamburger SK 1830"]
[BlackTeam "USV Halle"]
[PlyCount "69"]
[WhiteFideId "16293185"]
[BlackFideId "34603280"]
[EventCountry "GER"]
[EventRounds "7"]
[EventType "team-swiss"]
[EventDate "2024.12.26"]

1. e4 c6 2. d4 d5 3. exd5 cxd5 4. c4 Nf6 5. Nc3 Nbd7 6. Nf3 g6 7. Bd3 Bg7 8.
O-O dxc4 9. Bxc4 O-O 10. Re1 Nb6 11. Bb3 Bf5 12. Bg5 a6 13. Qe2 e6 14. Rad1 Qd6
15. Qd2 Bg4 16. Bf4 Qe7 17. d5 Bxf3 18. gxf3 e5 19. Bxe5 Qd8 20. d6 Nbd7 21.
Bf4 Nc5 22. Bc4 b5 23. b4 Nh5 24. Nd5 Nxf4 25. Ne7+ Kh8 26. bxc5 Nh3+ 27. Kg2
bxc4 28. Kxh3 Qd7+ 29. Kg2 c3 30. Qf4 Qb5 31. c6 Qa5 32. Rd5 Qxa2 33. d7 c2 34.
c7 Qb1 35. Qc1 1-0

[Event "DVM U16 2024"]
[Site "Sebnitz GER"]
[Date "2024.12.28"]
[Round "3"]
[White "Haase, Alexander"]
[Black "Wartenberg, Alissa"]
[Result "1-0"]
[Termination "normal"]
[Board "8.2"]
[WhiteElo "1701"]
[BlackElo "1830"]
[WhiteTeam "USV Halle"]
[BlackTeam "Hamburger SK 1830"]
[PlyCount "87"]
[WhiteFideId "34606602"]
[BlackFideId "16280741"]
[EventCountry "GER"]
[EventRounds "7"]
[EventType "team-swiss"]
[EventDate "2024.12.26"]

1. e4 e5 2. Nf3 Nc6 3. Bc4 Bc5 4. c3 Nf6 5. d4 exd4 6. O-O Nxe4 7. Re1 d5 8.
cxd4 Bb4 9. Bg5 Qd6 10. Nbd2 f5 11. g3 O-O 12. Bf4 Qd8 13. Bb3 Re8 14. Rc1 Ba5
15. Ba4 Bd7 16. a3 Nxd2 17. Bxd2 Rxe1+ 18. Qxe1 Nxd4 19. Nxd4 Bxd2 20. Qxd2
Bxa4 21. Nxf5 Be8 22. Qxd5+ Qxd5 23. Ne7+ Kf8 24. Nxd5 c6 25. Nc7 Rd8 26. Ne6+
Ke7 27. Nxd8 Kxd8 28. f4 Bf7 29. b4 a6 30. Kf2 Bd5 31. Ke3 Ke7 32. Kd4 Kd6 33.
h4 Be6 34. Rc5 g6 35. h5 Bf5 36. hxg6 hxg6 37. Re5 b6 38. a4 Kd7 39. a5 bxa5
40. Rxa5 Kd6 41. Rxa6 Bc8 42. Rb6 Bd7 43. b5 Kc7 44. Rxc6+ 1-0

[Event "DVM U16 2024"]
[Site "Sebnitz GER"]
[Date "2024.12.28"]
[Round "3"]
[White "Wokel, Justus"]
[Black "Patzschke, Carlo"]
[Result "0-1"]
[Termination "normal"]
[Board "8.3"]
[WhiteElo "1710"]
[BlackElo "1847"]
[WhiteTeam "Hamburger SK 1830"]
[BlackTeam "USV Halle"]
[PlyCount "52"]
[WhiteFideId "34652922"]
[BlackFideId "34617973"]
[EventCountry "GER"]
[EventRounds "7"]
[EventType "team-swiss"]
[EventDate "2024.12.26"]

1. d4 Nf6 2. c4 c5 3. d5 e6 4. Nc3 exd5 5. cxd5 d6 6. e4 g6 7. Nf3 Bg7 8. Bd3
O-O 9. Nd2 Na6 10. Bxa6 bxa6 11. O-O Rb8 12. Nc4 Rb4 13. Qd3 a5 14. f3 Ba6 15.
b3 Nd7 16. Ba3 Ne5 17. Qc2 Nxc4 18. bxc4 Rxc4 19. Bb2 Bd4+ 20. Kh1 Qf6 21. Rfc1
Rb8 22. e5 Qxe5 23. Re1 Bxc3 24. Rxe5 Bxe5 25. Qf2 Rxb2 26. Qe1 Rcc2 0-1

[Event "DVM U16 2024"]
[Site "Sebnitz GER"]
[Date "2024.12.28"]
[Round "3"]
[White "Knüpfer, Johannes"]
[Black "Borgert, Alexander"]
[Result "1-0"]
[Termination "normal"]
[Board "8.4"]
[WhiteElo "1655"]
[BlackElo "1716"]
[WhiteTeam "USV Halle"]
[BlackTeam "Hamburger SK 1830"]
[PlyCount "89"]
[WhiteFideId "34605967"]
[BlackFideId "16289188"]
[EventCountry "GER"]
[EventRounds "7"]
[EventType "team-swiss"]
[EventDate "2024.12.26"]

1. e4 c5 2. Nc3 a6 3. f4 Nc6 4. Nf3 e6 5. Be2 Nge7 6. d3 d5 7. O-O g6 8. Qe1
Bg7 9. Nd1 O-O 10. c3 b6 11. Qh4 Bb7 12. Nf2 d4 13. Ng4 f5 14. Ng5 h5 15. Nxe6
Qd6 16. Nxf8 fxg4 17. e5 Qd5 18. c4 Qf7 19. Nd7 Nf5 20. Nf6+ Bxf6 21. Qxf6 Qxf6
22. exf6 Re8 23. Rf2 Nb4 24. Bd2 Nc2 25. Rb1 Kf7 26. b4 cxb4 27. Bxb4 Nxb4 28.
Rxb4 Re6 29. Bf1 g3 30. Re2 gxh2+ 31. Kxh2 Ne3 32. Kg1 Ba8 33. Reb2 Nd1 34.
R2b3 Rxf6 35. Rxb6 Bc6 36. Rxa6 Ne3 37. Rbb6 Rxf4 38. Rxc6 Rxf1+ 39. Kh2 Ng4+
40. Kg3 Re1 41. Rc7+ Kf8 42. Ra8+ Re8 43. Rxe8+ Kxe8 44. Kf3 Ne5+ 45. Ke4 1-0

[Event "DVM U16 2024"]
[Site "Sebnitz GER"]
[Date "2024.12.28"]
[Round "3"]
[White "Prashanthakumar, Arju"]
[Black "Klein, Timon"]
[Result "0-1"]
[Termination "normal"]
[Board "9.1"]
[WhiteElo "1792"]
[BlackElo "1784"]
[WhiteTeam "SV 1926 Riegelsberg"]
[BlackTeam "SC Leipzig-Lindenau"]
[PlyCount "52"]
[WhiteFideId "34604065"]
[BlackFideId "34651713"]
[EventCountry "GER"]
[EventRounds "7"]
[EventType "team-swiss"]
[EventDate "2024.12.26"]

1. e4 c6 2. d4 d5 3. e5 Bf5 4. h4 h5 5. Bd3 Bxd3 6. Qxd3 e6 7. Nf3 c5 8. dxc5
Nc6 9. O-O Bxc5 10. c4 Nge7 11. Nc3 Nb4 12. Qe2 dxc4 13. Rd1 Nd3 14. Ne4 Qc7
15. Rxd3 cxd3 16. Qxd3 O-O 17. Nfg5 Nf5 18. Qf3 g6 19. Nf6+ Kg7 20. Nxh5+ gxh5
21. g4 Qxe5 22. Bf4 Qd5 23. Qc3+ Bd4 24. Qh3 f6 25. gxf5 fxg5 26. hxg5 Qxf5 0-1

[Event "DVM U16 2024"]
[Site "Sebnitz GER"]
[Date "2024.12.28"]
[Round "3"]
[White "Göllnitz, Aaron"]
[Black "Klein, Raphael"]
[Result "1/2-1/2"]
[Termination "normal"]
[Board "9.2"]
[WhiteElo "1615"]
[BlackElo "1693"]
[WhiteTeam "SC Leipzig-Lindenau"]
[BlackTeam "SV 1926 Riegelsberg"]
[PlyCount "120"]
[WhiteFideId "34617183"]
[BlackFideId "16283791"]
[EventCountry "GER"]
[EventRounds "7"]
[EventType "team-swiss"]
[EventDate "2024.12.26"]

1. d4 Nf6 2. c4 e6 3. Nf3 d5 4. g3 Be7 5. Bg2 O-O 6. O-O b6 7. cxd5 exd5 8. Qc2
Re8 9. Rd1 Bd6 10. Nc3 c6 11. Bg5 h6 12. Bxf6 Qxf6 13. e4 Bb4 14. exd5 Bxc3 15.
Qxc3 cxd5 16. Ne5 Be6 17. Rac1 Qe7 18. Qd3 Qd6 19. Qb5 Rd8 20. Rc3 a6 21. Qb3
Nd7 22. Rc6 Qe7 23. Nxd7 Bxd7 24. Rxb6 Be6 25. Rc1 Qg5 26. Rbc6 Rab8 27. Qe3
Rxb2 28. Qxg5 hxg5 29. Rxa6 Rdb8 30. Rf1 R8b4 31. Ra8+ Kh7 32. a4 Ra2 33. a5
Rxd4 34. a6 Rda4 35. h3 Rxa6 36. Rxa6 Rxa6 37. Rd1 Rd6 38. Rd4 f5 39. f4 Kg6
40. Bf3 Rd8 41. Kf2 Kf6 42. Ke3 gxf4+ 43. gxf4 Bf7 44. Kf2 Ke6 45. Ke3 Kd6 46.
Ra4 Kc5 47. Ra7 d4+ 48. Kd2 Bc4 49. Rxg7 Rb8 50. Rc7+ Kb4 51. Rb7+ Rxb7 52.
Bxb7 Kc5 53. Bc8 Kd6 54. Bxf5 Ke7 55. Bd3 Bf7 56. Ke2 Kf6 57. Kf3 Bd5+ 58. Kg3
Bf7 59. Kg4 Be6+ 60. f5 Bxf5+ 1/2-1/2

[Event "DVM U16 2024"]
[Site "Sebnitz GER"]
[Date "2024.12.28"]
[Round "3"]
[White "Tabales, Lennart"]
[Black "Rudolph, Konrad"]
[Result "1-0"]
[Termination "normal"]
[Board "9.3"]
[WhiteElo "1676"]
[BlackElo "1550"]
[WhiteTeam "SV 1926 Riegelsberg"]
[BlackTeam "SC Leipzig-Lindenau"]
[PlyCount "139"]
[WhiteFideId "34604057"]
[BlackFideId "34607668"]
[EventCountry "GER"]
[EventRounds "7"]
[EventType "team-swiss"]
[EventDate "2024.12.26"]

1. e4 e6 2. d4 d5 3. Nd2 c5 4. exd5 Qxd5 5. Ngf3 cxd4 6. Bc4 Qd6 7. O-O Nf6 8.
Nb3 Nc6 9. Nbxd4 Nxd4 10. Nxd4 Qc7 11. Bb3 a6 12. Qf3 Bd6 13. h3 h6 14. Re1 O-O
15. Bxh6 gxh6 16. Qxf6 Bh2+ 17. Kf1 Qf4 18. Qxf4 Bxf4 19. Re4 Bg5 20. Rd1 Rd8
21. c3 b5 22. Nf3 Rxd1+ 23. Bxd1 Bf6 24. Rf4 Bg7 25. Bc2 Bb7 26. Be4 Bxe4 27.
Rxe4 Rd8 28. Ke2 Kf8 29. Nd4 Ke8 30. f4 Kd7 31. Nf3 Rc8 32. Ne5+ Ke7 33. Ke3
Rc5 34. Nd3 Rc6 35. Nb4 Rd6 36. f5 Kd7 37. fxe6+ fxe6 38. Nd3 Bf6 39. h4 Ke7
40. g3 Kf7 41. Ne5+ Ke7 42. b3 Rd5 43. Ng6+ Kf7 44. Nf4 Rd6 45. c4 bxc4 46.
bxc4 Rc6 47. Nd3 Rc7 48. c5 Ke7 49. Nf4 Rc6 50. Nd5+ Kf7 51. Nxf6 Kxf6 52. Kd4
Kf5 53. Re3 Kg4 54. Rb3 a5 55. Rb6 Rc8 56. Rxe6 h5 57. Rg6+ Kf3 58. Rg5 Rd8+
59. Kc4 Rh8 60. c6 Ke4 61. Kc5 a4 62. c7 a3 63. Kc6 Kd4 64. Rg7 Kc3 65. Kb7 Kb2
66. c8=Q Rh6 67. Qc4 Ka1 68. Rd7 Kb2 69. Qb3+ Ka1 70. Rd1# 1-0

[Event "DVM U16 2024"]
[Site "Sebnitz GER"]
[Date "2024.12.28"]
[Round "3"]
[White "Hauptmann, Simon"]
[Black "Jung, Marcel"]
[Result "1-0"]
[Termination "normal"]
[Board "9.4"]
[WhiteElo "1475"]
[BlackElo "1700"]
[WhiteTeam "SC Leipzig-Lindenau"]
[BlackTeam "SV 1926 Riegelsberg"]
[PlyCount "115"]
[BlackFideId "34673881"]
[EventCountry "GER"]
[EventRounds "7"]
[EventType "team-swiss"]
[EventDate "2024.12.26"]

1. e4 c5 2. Nf3 d6 3. d4 cxd4 4. Nxd4 Nf6 5. Nc3 a6 6. Be3 Ng4 7. Qd2 Nxe3 8.
Qxe3 g6 9. Nde2 Bg7 10. g3 Nc6 11. a3 b5 12. Rb1 Bb7 13. Bg2 Rc8 14. O-O O-O
15. Bh3 e6 16. Rfd1 Ne5 17. Bg2 Nc4 18. Qd3 Qc7 19. Nd4 Nxa3 20. bxa3 Qxc3 21.
Qxc3 Rxc3 22. Nb3 Rd8 23. Rd2 Bf8 24. Ra1 Rdc8 25. Ra2 R8c7 26. f3 d5 27. e5
Bc6 28. f4 Ra7 29. Bf1 a5 30. Nd4 Bc5 31. Kg2 Bxd4 32. Rxd4 Bd7 33. Kg1 Rac7
34. Rd2 Kf8 35. Bd3 Ke8 36. Rd1 Kd8 37. Rb1 R7c5 38. Kf1 Kc7 39. Ke1 Kb6 40.
Kd2 a4 41. Rb4 Ka5 42. Rb1 Rc8 43. Raa1 R3c5 44. Rb4 Rc3 45. Rd4 R3c5 46. Rb4
f6 47. exf6 Rf8 48. Rab1 Rxf6 49. Ke3 Rf8 50. Kd4 Rfc8 51. R1b2 Rc4+ 52. Bxc4
Rxc4+ 53. Rxc4 dxc4 54. c3 Kb6 55. Ke5 Bc6 56. Kxe6 Be4 57. g4 Bf3 58. h3 1-0

[Event "DVM U16 2024"]
[Site "Sebnitz GER"]
[Date "2024.12.28"]
[Round "3"]
[White "Trenz, Finn"]
[Black "Sommerfeld, Felix"]
[Result "1-0"]
[Termination "normal"]
[Board "10.1"]
[WhiteElo "1914"]
[BlackElo "1787"]
[WhiteTeam "SV Multatuli Ingelheim"]
[BlackTeam "Krefelder SK Turm 1851"]
[PlyCount "137"]
[WhiteFideId "16279379"]
[BlackFideId "34646744"]
[EventCountry "GER"]
[EventRounds "7"]
[EventType "team-swiss"]
[EventDate "2024.12.26"]

1. e4 c5 2. Nc3 e6 3. g3 Nc6 4. Bg2 Qc7 5. Nge2 a6 6. O-O Nf6 7. d4 cxd4 8.
Nxd4 Be7 9. Be3 O-O 10. Qe2 d6 11. a4 Nxd4 12. Bxd4 Bd7 13. e5 dxe5 14. Bxe5
Qc8 15. Ne4 Nxe4 16. Bxe4 Bc6 17. Rfd1 f6 18. Bd6 Bxe4 19. Qxe4 Re8 20. Bxe7
Rxe7 21. Rd6 e5 22. Rad1 h6 23. c3 Qc5 24. Qg6 Rae8 25. Rxf6 e4 26. Rf5 Qc4 27.
Qd6 Qe2 28. Qd2 Qg4 29. Rf4 Qg6 30. Qe3 Kh8 31. Re1 Qc6 32. Qd4 Rd7 33. Rfxe4
Rxd4 34. Rxe8+ Kh7 35. cxd4 Qxa4 36. d5 Qb4 37. R1e2 Qd4 38. R2e5 b5 39. R8e6
Qxb2 40. d6 Qd4 41. d7 Qxd7 42. Rxa6 Qd1+ 43. Kg2 b4 44. Rb6 Qd4 45. Rbb5 b3
46. Re3 b2 47. Reb3 Qe4+ 48. Kh3 Qe6+ 49. g4 Qe4 50. Kg3 Qc6 51. Rxb2 Qd6+ 52.
Kg2 Qf4 53. f3 Qf6 54. Re2 Qa6 55. Rbe5 Qf6 56. Rf5 Qh4 57. Rf7 Qg5 58. h4 Qxh4
59. Ree7 Kg6 60. Rxg7+ Kf6 61. Ref7+ Ke5 62. Rf5+ Kd4 63. Rd7+ Ke3 64. Re5+ Kf4
65. Re4+ Kg5 66. Re6 Kf4 67. Rf7+ Qf6 68. Rfxf6+ Kg5 69. Rf5+ 1-0

[Event "DVM U16 2024"]
[Site "Sebnitz GER"]
[Date "2024.12.28"]
[Round "3"]
[White "Ramolla, Jan"]
[Black "González Peisker, Mateo León"]
[Result "1-0"]
[Termination "normal"]
[Board "10.2"]
[WhiteElo "1809"]
[BlackElo "1577"]
[WhiteTeam "Krefelder SK Turm 1851"]
[BlackTeam "SV Multatuli Ingelheim"]
[PlyCount "61"]
[WhiteFideId "34678697"]
[BlackFideId "34610138"]
[EventCountry "GER"]
[EventRounds "7"]
[EventType "team-swiss"]
[EventDate "2024.12.26"]

1. e4 e5 2. Nf3 Nc6 3. Bb5 Nd4 4. Nxd4 exd4 5. O-O Ne7 6. d3 c6 7. Ba4 d5 8.
Re1 dxe4 9. dxe4 g6 10. Bg5 Bg7 11. e5 O-O 12. c3 dxc3 13. Nxc3 Qc7 14. Qd6
Qxd6 15. exd6 Nf5 16. Be7 Bxc3 17. bxc3 Re8 18. Rad1 Nxe7 19. Rxe7 Be6 20. Rxb7
Bxa2 21. Bxc6 Red8 22. Re7 Rac8 23. d7 Kg7 24. Bd5 Bxd5 25. dxc8=Q Rxc8 26.
Rxd5 Rxc3 27. g3 Kh6 28. Rxf7 g5 29. Rd6+ Kh5 30. h3 g4 31. Rf5# 1-0

[Event "DVM U16 2024"]
[Site "Sebnitz GER"]
[Date "2024.12.28"]
[Round "3"]
[White "Gyácsok, Dzvinka"]
[Black "Vasylieva, Kira"]
[Result "1-0"]
[Termination "normal"]
[Board "10.3"]
[WhiteElo "1735"]
[BlackElo "1647"]
[WhiteTeam "SV Multatuli Ingelheim"]
[BlackTeam "Krefelder SK Turm 1851"]
[PlyCount "95"]
[WhiteFideId "16298292"]
[BlackFideId "34653465"]
[EventCountry "GER"]
[EventRounds "7"]
[EventType "team-swiss"]
[EventDate "2024.12.26"]

1. e4 e5 2. Nf3 Nc6 3. Bc4 Bc5 4. c3 d6 5. d3 h6 6. Nbd2 Nf6 7. O-O O-O 8. Re1
Be6 9. Bb3 a6 10. a4 Qd7 11. Nf1 Ne7 12. d4 exd4 13. cxd4 Bb4 14. Bd2 Bxd2 15.
N1xd2 c6 16. Nf1 Rad8 17. Ng3 Ng6 18. a5 Qc7 19. Qc2 Rd7 20. Bxe6 fxe6 21. e5
dxe5 22. dxe5 Nxe5 23. Nxe5 Rd6 24. Ng6 Re8 25. Ne4 Nxe4 26. Qxe4 Qf7 27. Ne5
Qf6 28. Qg6 Red8 29. Qxf6 gxf6 30. Nc4 Rd4 31. Nb6 e5 32. Kf1 Kf7 33. b3 Ke6
34. Nc4 R8d5 35. f3 Rb5 36. Rab1 Rd3 37. f4 Rbd5 38. fxe5 fxe5 39. Ke2 R3d4 40.
Rbd1 Re4+ 41. Kf3 Rf4+ 42. Kg3 Rb5 43. Rd6+ Kf5 44. Re3 h5 45. h4 Rg4+ 46. Kh3
e4 47. Rh6 Kf4 48. g3+ 1-0

[Event "DVM U16 2024"]
[Site "Sebnitz GER"]
[Date "2024.12.28"]
[Round "3"]
[White "Bitter, Daniel"]
[Black "Montonen, Elias"]
[Result "1-0"]
[Termination "normal"]
[Board "10.4"]
[WhiteElo "1689"]
[BlackElo "1186"]
[WhiteTeam "Krefelder SK Turm 1851"]
[BlackTeam "SV Multatuli Ingelheim"]
[PlyCount "59"]
[WhiteFideId "34646710"]
[EventCountry "GER"]
[EventRounds "7"]
[EventType "team-swiss"]
[EventDate "2024.12.26"]

1. d4 Nf6 2. c4 g6 3. Nc3 Bg7 4. e4 d6 5. Be3 O-O 6. Qd2 b6 7. Bh6 Bb7 8. Bxg7
Kxg7 9. f3 Nbd7 10. Bd3 Rc8 11. Nge2 e5 12. d5 c6 13. O-O cxd5 14. cxd5 Qc7 15.
Rac1 Qc5+ 16. Kh1 Qa5 17. Rfd1 Ba6 18. Bxa6 Qxa6 19. h4 Qc4 20. Ng3 Nc5 21.
Nf5+ Kh8 22. Nxd6 Qa6 23. Nxc8 Qxc8 24. Na4 Nh5 25. Nxc5 bxc5 26. d6 Qd8 27.
Qg5 Qxg5 28. hxg5 Ng3+ 29. Kh2 Ne2 30. Rxc5 1-0

[Event "DVM U16 2024"]
[Site "Sebnitz GER"]
[Date "2024.12.28"]
[Round "4"]
[White "Semling, Julius"]
[Black "Vollbehr, Bjarne"]
[Result "1-0"]
[Termination "normal"]
[Board "1.1"]
[WhiteElo "2213"]
[BlackElo "2075"]
[WhiteTeam "OSG Baden-Baden"]
[BlackTeam "SK Doppelbauer Kiel 1910"]
[PlyCount "49"]
[WhiteFideId "16290160"]
[BlackFideId "34606025"]
[EventCountry "GER"]
[EventRounds "7"]
[EventType "team-swiss"]
[EventDate "2024.12.26"]

1. e4 e5 2. Nf3 Nc6 3. Bc4 Nf6 4. d3 Bc5 5. c3 a6 6. b4 Ba7 7. O-O d6 8. Nbd2
O-O 9. a4 Re8 10. Re1 Be6 11. Bxe6 Rxe6 12. Bb2 Qe8 13. b5 Nb8 14. c4 Nbd7 15.
Nf1 Nc5 16. Ng3 c6 17. d4 exd4 18. Nxd4 Ncxe4 19. Nxe6 Bxf2+ 20. Kf1 Bxg3 21.
Nxg7 Qd7 22. hxg3 Nxg3+ 23. Kg1 Nfe4 24. Qf3 d5 25. Nh5 1-0

[Event "DVM U16 2024"]
[Site "Sebnitz GER"]
[Date "2024.12.28"]
[Round "4"]
[White "Bräutigam, Alexander"]
[Black "Semling, Johannes"]
[Result "0-1"]
[Termination "normal"]
[Board "1.2"]
[WhiteElo "2054"]
[BlackElo "2180"]
[WhiteTeam "SK Doppelbauer Kiel 1910"]
[BlackTeam "OSG Baden-Baden"]
[PlyCount "118"]
[WhiteFideId "16245210"]
[BlackFideId "16290151"]
[EventCountry "GER"]
[EventRounds "7"]
[EventType "team-swiss"]
[EventDate "2024.12.26"]

1. d4 Nf6 2. c4 e6 3. Nc3 Bb4 4. f3 c5 5. a3 Bxc3+ 6. bxc3 b6 7. e3 Nc6 8. Bd3
d6 9. Ne2 Na5 10. g4 Ba6 11. h4 Nd7 12. Ng3 Qe7 13. Qe2 O-O-O 14. Bd2 Kb8 15.
Kf2 Rc8 16. Rac1 Rc7 17. f4 g6 18. d5 Re8 19. e4 exd5 20. cxd5 Bxd3 21. Qxd3 c4
22. Qe2 Nc5 23. Kf3 Nab3 24. Rcd1 Nd3 25. Rb1 Nbc5 26. Be3 Qf6 27. Qd2 Ne5+ 28.
Kg2 Nxg4 29. Bd4 Qd8 30. Bxc5 Rxc5 31. Qd4 Ka8 32. Rb4 Qf6 33. Qd2 Rc7 34. a4
Qd8 35. Kf3 h5 36. Rb5 Qd7 37. Qd4 f5 38. Rb4 fxe4+ 39. Nxe4 Rf8 40. Rg1 Qe7
41. Ng5 Ne5+ 42. Kg3 Nd3 43. Ne6 Nxb4 44. cxb4 Rfc8 45. Nxc7+ Rxc7 46. Kf3 c3
47. Rc1 Qxh4 48. a5 Qh3+ 49. Kf2 Qh2+ 50. Kf3 Qh3+ 51. Kf2 Qh2+ 52. Kf3 Kb7 53.
axb6 Qh3+ 54. Kf2 Qh2+ 55. Kf3 axb6 56. b5 Re7 57. Rxc3 Qe2+ 58. Kg3 Qg4+ 59.
Kf2 Re2+ 0-1

[Event "DVM U16 2024"]
[Site "Sebnitz GER"]
[Date "2024.12.28"]
[Round "4"]
[White "Uhlmann, Tim"]
[Black "Bräutigam, Katerina"]
[Result "1-0"]
[Termination "normal"]
[Board "1.3"]
[BlackTitle "WFM"]
[WhiteElo "2041"]
[BlackElo "1947"]
[WhiteTeam "OSG Baden-Baden"]
[BlackTeam "SK Doppelbauer Kiel 1910"]
[PlyCount "121"]
[WhiteFideId "16239210"]
[BlackFideId "16242980"]
[EventCountry "GER"]
[EventRounds "7"]
[EventType "team-swiss"]
[EventDate "2024.12.26"]

1. e4 c6 2. d4 g6 3. Nc3 Bg7 4. f4 d5 5. e5 Nh6 6. Nf3 Bg4 7. Be3 Nf5 8. Bf2
Qb6 9. b3 Bh6 10. h3 Bxf3 11. Qxf3 e6 12. Ne2 Bf8 13. g4 Ng7 14. Bg2 Nd7 15.
O-O f6 16. c4 fxe5 17. fxe5 Be7 18. c5 Qc7 19. Be3 Rf8 20. Qg3 g5 21. Rxf8+
Kxf8 22. Qe1 Re8 23. Qd2 Qd8 24. Ng3 Kg8 25. Bf1 Rf8 26. Kg2 Rf7 27. Bd3 Nf8
28. Qc2 a5 29. a3 b5 30. Nf1 Ne8 31. Ng3 Ng7 32. Rf1 Rxf1 33. Nxf1 h6 34. Ng3
Qc7 35. a4 b4 36. Qe2 Bd8 37. Bc2 Qb7 38. Qd3 Kf7 39. Nf1 Ne8 40. Nd2 Kg8 41.
Nf3 Qh7 42. h4 Nc7 43. Qxh7+ Nxh7 44. Bxh7+ Kxh7 45. hxg5 hxg5 46. Bxg5 Bxg5
47. Nxg5+ Kg6 48. Nh3 Kf7 49. Nf4 Na6 50. Kg3 Nb8 51. Kh4 Na6 52. Kh5 Nc7 53.
g5 Kg7 54. g6 Kh8 55. Kh6 Kg8 56. Nh5 Ne8 57. Nf6+ Kh8 58. Nxe8 Kg8 59. Nf6+
Kf8 60. g7+ Ke7 61. Kg6 1-0

[Event "DVM U16 2024"]
[Site "Sebnitz GER"]
[Date "2024.12.28"]
[Round "4"]
[White "Farokhi, Darian"]
[Black "Miller, Lysander"]
[Result "1-0"]
[Termination "normal"]
[Board "1.4"]
[WhiteElo "1858"]
[BlackElo "1788"]
[WhiteTeam "SK Doppelbauer Kiel 1910"]
[BlackTeam "OSG Baden-Baden"]
[PlyCount "47"]
[WhiteFideId "16253108"]
[BlackFideId "34628398"]
[EventCountry "GER"]
[EventRounds "7"]
[EventType "team-swiss"]
[EventDate "2024.12.26"]

1. e4 c6 2. Nf3 d5 3. d3 e6 4. e5 c5 5. c3 Nc6 6. d4 Qb6 7. a3 Nge7 8. b4 cxd4
9. cxd4 Nf5 10. Bb2 Be7 11. Be2 O-O 12. O-O f6 13. Qd3 Bd7 14. Nbd2 a6 15. Nb3
fxe5 16. dxe5 Nh4 17. Nxh4 Bxh4 18. Nc5 Rad8 19. Qh3 Be7 20. Nxd7 Rxd7 21.
Qxe6+ Rf7 22. Qxd7 Bxb4 23. Qxd5 Bc5 24. Bc4 1-0